Energy, economic growth, and the environment / (Record no. 355234)
[ view plain ]
| 000 -LEADER | |
|---|---|
| fixed length control field | 01032nam a2200241 a 4500 |
| 001 - CONTROL NUMBER | |
| control field | ASIN1617260207 |
| 003 - CONTROL NUMBER IDENTIFIER | |
| control field | Nust- CAS-E |
| 005 - DATE AND TIME OF LATEST TRANSACTION | |
| control field | 20180118181354.0 |
| 008 - FIXED-LENGTH DATA ELEMENTS--GENERAL INFORMATION | |
| fixed length control field | 140214s2011 xxu eng d |
| 020 ## - INTERNATIONAL STANDARD BOOK NUMBER | |
| International Standard Book Number | 1617260207 |
| Terms of availability | $115.00 |
| 020 ## - INTERNATIONAL STANDARD BOOK NUMBER | |
| International Standard Book Number | 9781617260209 |
| 040 ## - CATALOGING SOURCE | |
| Transcribing agency | 0 |
| 082 ## - DEWEY DECIMAL CLASSIFICATION NUMBER | |
| Classification number | 333.7 |
| Author Mark | SCH 2011 |
| 100 1# - MAIN ENTRY--PERSONAL NAME | |
| Personal name | Schurr, Sam H. |
| 245 10 - TITLE STATEMENT | |
| Title | Energy, economic growth, and the environment / |
| Statement of responsibility, etc. | Sam H. Schurr. |
| 260 ## - PUBLICATION, DISTRIBUTION, ETC. | |
| Place of publication, distribution, etc. | [S.l.] : |
| Name of publisher, distributor, etc. | RFF Press, |
| Date of publication, distribution, etc. | 2011. |
| 300 ## - PHYSICAL DESCRIPTION | |
| Extent | 232 p. ; |
| Dimensions | 24 cm. |
| 490 1# - SERIES STATEMENT | |
| Series statement | Rff energy policy set. |
| 520 ## - SUMMARY, ETC. | |
| Summary, etc. | Authors with widely different perspectives consider two important social objectives: assuring future energy supplies and protecting the natural environment. Contributors include Kenneth Boulding, Glenn Seaborg, and Barry Commoner. Particularly useful to students and interested non-specialists. Originally published in 1972. |
| 830 #0 - SERIES ADDED ENTRY--UNIFORM TITLE | |
| Uniform title | Rff energy policy set. |
| 856 40 - ELECTRONIC LOCATION AND ACCESS | |
| Materials specified | Amazon.com |
| Uniform Resource Identifier | <a href="http://www.amazon.com/exec/obidos/ASIN/1617260207/chopaconline-20">http://www.amazon.com/exec/obidos/ASIN/1617260207/chopaconline-20</a> |
| 942 ## - ADDED ENTRY ELEMENTS (KOHA) | |
| Source of classification or shelving scheme | |
| Koha item type | Book |
| Withdrawn status | Lost status | Source of classification or shelving scheme | Damaged status | Not for loan | Permanent Location | Current Location | Shelving location | Date acquired | Source of acquisition | Total Checkouts | Full call number | Barcode | Date last seen | Cost, replacement price | Price effective from | Koha item type |
|---|---|---|---|---|---|---|---|---|---|---|---|---|---|---|---|---|
| US-Pakistan Center for Advanced Studies in Energy (USPCAS-E) | US-Pakistan Center for Advanced Studies in Energy (USPCAS-E) | General Stacks | 04/11/2013 | Victoria co | 333.7 SCH 2011 | CAS-E0000091 | 02/14/2014 | 11938.00 | 02/14/2014 | Book |
